| 000 | 00654nam a2200205Ia 4500 | ||
|---|---|---|---|
| 003 | GCL | ||
| 008 | 140319s9999 xx 000 0 ara d | ||
| 020 | _a2267114977 | ||
| 040 |
_aGCL / _cGCL |
||
| 082 | 0 | 4 |
_a814.008 _bأ ق |
| 100 | 1 | _aانيس منصور | |
| 245 | 1 | 0 |
_aقالوا / _cانيس منصور |
| 700 | 1 | _aداليا محمد ابراهيم | |
| 250 | _aالخامسة | ||
| 260 |
_aالقاهرة : _bنهضة مصر للطباعة والنشر والتوزيع ، _c2005 |
||
| 300 |
_a292ص ؛ _c19سم |
||
| 650 | 0 | 4 | _aالمقالات العربية |
| 650 | 0 | 4 | _aالمقالات العربية - مجموعات |
| 942 |
_2ddc _cBK |
||
| 999 |
_c8678 _d8678 |
||